Díjat nyertek a komáromi tévések : Štáb mestskej tlevízie bol úspešný, patrí mu mimoriadna cena poroty

Bibliographic Details
Format: Article
Language:Slovak
Hungarian
Subjects:

MARC

LEADER 00000nab a2200000 ar4500
001 vtls009293754
003 SK-MaSNL
005 20260318140620.0
008 080514| xo m||p||||||||00 b|slo
038 |a knkjs 
040 |a knkjs  |b slo  |c knkjs  |e AACR2 
041 |a hun 
041 |a slo 
044 |a xo  |c SK 
080 |a 654.9  |2 2001 
245 0 0 |a Díjat nyertek a komáromi tévések : Štáb mestskej tlevízie bol úspešný, patrí mu mimoriadna cena poroty 
610 2 7 |a Komárňanská mestská televízia (Komárno, Slovensko)  |2 knkjs  |9 1128340 
611 2 7 |a Reporters Europe Cup (Nyíregyháza, Maďarsko)  |2 knkjs  |9 1128341 
650 0 7 |a festival reportážnych filmov  |2 knkjs  |9 1128342 
650 0 7 |a reportážne filmy  |2 knkjs  |9 1128343 
650 0 7 |a osobitná cena  |2 knkjs  |9 1092051 
650 0 7 |a medzinárodné súťaže  |2 knkjs  |9 71259 
651 7 |a Komárno (Slovensko)  |2 knkjs  |9 39168 
773 0 |t Delta  |g Roč. VI, č. 19 (2008), s. 7 : Komárňanské listy=Komáromi lapok  |g Roč. XVIII, č. 11 (2008), s. 2 
852 |a knkjs  |b KIS3GCP 
958 |a SK 
958 |a HU 
999 |c 1897539  |d 1899469